• 首页
  • 本馆介绍
  • 公告通知
  • 最新文献
  • 馆藏检索
  • 电子资源
  • 读者导购
  • 参考咨询
  • 我的图书馆
  • 登录
  • 详细信息显示
  • 放入我的书架
  • 预约/预借图书
  • 作者相关作品
  • 分类相关作品
  • 丛书相关作品
  • 出版社相关作品

书目信息

  • 表格格式
  • 工作单格式
  • 卡片格式
题名:
分析化学工作者用统计学
    
 
作者: 考尔卡特 , Caulcutt , 博迪 , Boddy 著 ;王克谦 , 张华山 译
分册:  
出版信息: 北京   科学出版社  1989.10
页数: 275页
开本: 19厘米
丛书名:
单 册:
中图分类: O651
科图分类:
主题词: 分析化学-数理统计--应用 , 数理统计-分析化学--应用 , 分析化学 , 分析(化学)
电子资源:
ISBN: 7-03-001159-7
000 01342nam2 2200385 45
001 0189021453
005 20040630163557.6
010    @a7-03-001159-7@dCNY6.70
020    @aCN@b89021453
100    @a19910905d1989 m y0chiy0120 ea
101 1  @achi@ceng
102    @aCN@b110000
105    @ay z 000yy
106    @ar
200 10 @a分析化学工作者用统计学@Afen xi hua xue gong zuo zhe yong tong ji xue@f(英)考尔卡特(Caulcutt,R.),(英)博 迪(Boddy,R.)著@F( ying ) kao er ka te (Caulcutt,R.),( ying ) bo di (Boddy,R.) zhu@g王克谦,张华山译
210    @a北京@c科学出版社@d1989.10
215    @a275页@d19厘米
300    @a著者原题:鲍迪
300    @a书名原文:Statistic for analytical chemists
330    @a本书共13章,内容涉及分析化学中的各类数理统计问题。
510 1  @aStatistic for analytical chemists@zeng
540 1  @a分析化学 工作者 统计学@Afen xi hua xue gong zuo zhe tong ji xue
606    @a分析化学-数理统计@x应用
606    @a数理统计-分析化学@x应用
606 0  @a分析化学
606 0  @a分析(化学)
690    @aO651@v3
701  1 @a考尔卡特@Akao er ka te@bR.@4著
701 A1 @aCaulcutt@bR.@4著
701  1 @a博迪@Abo di@bR.@4著
701 A1 @aBoddy@bR.@4著
702  0 @a王克谦@Awang ke qian@4译
702  0 @a张华山@Azhang hua shan@4译
801  0 @aCN@bNLC@c19910905
905    @dO651@e76@f1@b226630
    
    分析化学工作者用统计学/(英)考尔卡特(Caulcutt,R.),(英)博 迪(Boddy,R.)著/王克谦,张华山译.-北京:科学出版社,1989.10
    275页;19厘米
    著者原题:鲍迪.-书名原文:Statistic for analytical chemists
    
    ISBN 7-03-001159-7:CNY6.70
    本书共13章,内容涉及分析化学中的各类数理统计问题。
●
相关链接 在E读中查询图书 在五车中查询图书 在当当中查询图书 在豆瓣中查询图书


正题名:分析化学工作者用统计学     索取号:O651/76         预约/预借

序号 登录号 条形码 馆藏地/架位号 状态 备注
1 0226630   001936908   第三借阅区/ [索取号:O651/76] 在馆    
2 0226631   000632220   第二样本阅览室/ [索取号:O651/76] 在馆    
3 2266629   000632239   第三借阅区/ [索取号:O651/76] 在馆    
唐山师范学院图书馆 欢迎您!
大连网信软件有限公司© 版权所有